[Event "XtraCon-Skakligaen"]
[Site "Denmark"]
[Date "2010.11.07"]
[Round "2.3"]
[White "Kristiansen, Jens"]
[Black "Brunello, Sabino"]
[Result "0-1"]
[WhiteElo "2421"]
[BlackElo "2544"]
[PlyCount "88"]
[EventDate "2010.11.06"]
[EventType "team-tourn"]
[EventRounds "9"]
[WhiteTeam "BMS"]
[BlackTeam "Sydostfyn"]
[WhiteTeamCountry "DEN"]
[BlackTeamCountry "DEN"]

1. e4 c6 2. d3 d5 3. Nd2 e5 4. Ngf3 Bd6 5. g3 Nf6 6. Bg2 O-O 7. O-O Nbd7 8. Re1
Re8 9. b3 a5 10. a3 d4 11. Nh4 g6 12. Rf1 Bf8 13. Ndf3 a4 14. b4 c5 15. bxc5
Nxc5 16. h3 Bd7 17. Kh2 Rc8 18. Ne1 b5 19. Bd2 Na6 20. Bf3 b4 21. axb4 Nxb4 22.
Be2 Qb6 23. f4 exf4 24. Bxf4 Qe6 25. g4 Nfd5 26. Nhg2 Nxf4 27. Nxf4 Qe5 28. Kh1
Bd6 29. Rf2 Ra8 30. h4 a3 31. g5 Qc5 32. Bg4 Bxg4 33. Qxg4 Qc3 34. Qd1 a2 35.
Ne2 Qc5 36. Kg2 Rf8 37. Nc1 Qe5 38. Qg4 Qh2+ 39. Kf1 Qh1+ 40. Ke2 Nd5 41. Qg2
Nc3+ 42. Kd2 Qxh4 43. Nf3 Qf4+ 44. Ke1 Qxc1+ 0-1

[Event "XtraCon-Skakligaen"]
[Site "Denmark"]
[Date "2010.11.07"]
[Round "2.4"]
[White "Shaw, John"]
[Black "Brinck Claussen, Bjorn"]
[Result "1/2-1/2"]
[WhiteElo "2439"]
[BlackElo "2262"]
[PlyCount "108"]
[EventDate "2010.11.06"]
[EventType "team-tourn"]
[EventRounds "9"]
[WhiteTeam "Sydostfyn"]
[BlackTeam "BMS"]
[WhiteTeamCountry "DEN"]
[BlackTeamCountry "DEN"]

1. e4 c5 2. d3 Nc6 3. g3 g6 4. Bg2 Bg7 5. f4 e6 6. Nf3 Nge7 7. O-O d5 8. e5 Nf5
9. c3 Rb8 10. Na3 b5 11. g4 Nfe7 12. d4 b4 13. cxb4 cxb4 14. Nc2 f6 15. exf6
Bxf6 16. b3 O-O 17. Be3 Bd7 18. Nce1 Nc8 19. Nd3 Nd6 20. Nc5 Ne4 21. Nxe4 dxe4
22. Ne5 Ne7 23. Bxe4 Bb5 24. Rf2 Nd5 25. Qd2 Nc3 26. Bf3 Nd5 27. Rc1 Bh4 28.
Rg2 Nxe3 29. Qxe3 Qf6 30. Be2 Qxf4 31. Qxf4 Rxf4 32. Bxb5 Rxb5 33. Rc8+ Rf8 34.
Rxf8+ Kxf8 35. Rc2 Rd5 36. Rc8+ Kg7 37. Rc7+ Kg8 38. Nf3 Bf6 39. Rc4 Ra5 40.
Rc2 h5 41. gxh5 gxh5 42. Kf2 Kf7 43. Ke3 e5 44. dxe5 Bxe5 45. Nxe5+ Rxe5+ 46.
Kd4 Re7 47. Rf2+ Kg6 48. Kc5 a5 49. Kd6 Re3 50. Kd5 Kg5 51. Kd4 Re8 52. Rg2+
Kh4 53. Kc4 Re5 54. Kd4 Rf5 1/2-1/2

[Event "XtraCon-Skakligaen"]
[Site "Denmark"]
[Date "2010.11.07"]
[Round "2.5"]
[White "Nielsen, Thomas Bach"]
[Black "Pedersen, Steffen"]
[Result "1/2-1/2"]
[WhiteElo "2227"]
[BlackElo "2417"]
[PlyCount "63"]
[EventDate "2010.11.06"]
[EventType "team-tourn"]
[EventRounds "9"]
[WhiteTeam "BMS"]
[BlackTeam "Sydostfyn"]
[WhiteTeamCountry "DEN"]
[BlackTeamCountry "DEN"]

1. d4 Nf6 2. c4 g6 3. Nc3 Bg7 4. e4 d6 5. h3 O-O 6. Nf3 Na6 7. Be3 c6 8. Be2 e5
9. d5 Nh5 10. Qd2 c5 11. O-O-O f5 12. exf5 gxf5 13. Bg5 Qe8 14. Nb5 e4 15. Nh4
f4 16. Nxd6 Qe5 17. Nxe4 Qxe4 18. Bxh5 Qxc4+ 19. Qc2 Qxa2 20. Be2 Nb4 21. Bc4
Qa1+ 22. Kd2 Nxc2 23. Rxa1 Nxa1 24. d6+ Kh8 25. Be7 Bd7 26. Rxa1 Bf6 27. Bxf8
Rxf8 28. Nf3 Bc6 29. Rxa7 Rd8 30. Kc1 Kg7 31. Ra5 Bxf3 32. gxf3 1/2-1/2

[Event "XtraCon-Skakligaen"]
[Site "Denmark"]
[Date "2010.11.07"]
[Round "2.6"]
[White "Sorensen, Torben N"]
[Black "Brondt, Nicolai Kvist"]
[Result "1/2-1/2"]
[WhiteElo "2403"]
[BlackElo "2161"]
[PlyCount "64"]
[EventDate "2010.11.06"]
[EventType "team-tourn"]
[EventRounds "9"]
[WhiteTeam "Sydostfyn"]
[BlackTeam "BMS"]
[WhiteTeamCountry "DEN"]
[BlackTeamCountry "DEN"]

1. Nf3 d5 2. d4 Nf6 3. c4 c6 4. cxd5 cxd5 5. Nc3 Nc6 6. Bf4 Bf5 7. e3 a6 8. Rc1
Rc8 9. Ne5 Nxe5 10. dxe5 Ne4 11. Nxe4 Rxc1 12. Qxc1 Bxe4 13. e6 Qa5+ 14. Ke2
fxe6 15. f3 Bf5 16. Be5 Qa4 17. Kf2 Rg8 18. Be2 g5 19. Qc8+ Kf7 20. Qxb7 Qxa2
21. g4 Bg6 22. Qxa6 Qxa6 23. Bxa6 Bg7 24. Bxg7 Kxg7 25. b4 Rb8 26. b5 Bd3 27.
Rd1 Bc4 28. e4 Rb6 29. Re1 Bxb5 30. Bxb5 Rxb5 31. exd5 Rxd5 32. Rxe6 Kf7
1/2-1/2

[Event "XtraCon-Skakligaen"]
[Site "Denmark"]
[Date "2010.11.07"]
[Round "2.7"]
[White "Akdag, Dara Sevkan"]
[Black "Borbjerggaard, Lars"]
[Result "1-0"]
[WhiteElo "2174"]
[BlackElo "2338"]
[PlyCount "85"]
[EventDate "2010.11.06"]
[EventType "team-tourn"]
[EventRounds "9"]
[WhiteTeam "BMS"]
[BlackTeam "Sydostfyn"]
[WhiteTeamCountry "DEN"]
[BlackTeamCountry "DEN"]

1. d4 Nf6 2. c4 g6 3. Nc3 Bg7 4. e4 d6 5. Nf3 O-O 6. Be2 e5 7. O-O exd4 8. Nxd4
Nc6 9. Be3 Re8 10. f3 Nh5 11. Qd2 Nxd4 12. Bxd4 Nf4 13. Rfd1 Qg5 14. Bf1 Bxd4+
15. Qxd4 Ne6 16. Qd2 Qxd2 17. Rxd2 b6 18. g3 a5 19. Kf2 Bb7 20. Bh3 a4 21. Re1
Nc5 22. Re3 Re7 23. Bf1 Kg7 24. Nd5 Bxd5 25. cxd5 f5 26. exf5 Rxe3 27. Kxe3
gxf5 28. Bb5 Kf6 29. Bc6 Ra5 30. Rd4 Ra7 31. Kf4 Ra5 32. g4 fxg4 33. fxg4 Ra7
34. h4 b5 35. g5+ Kf7 36. Kf5 a3 37. b4 Na4 38. h5 Nc3 39. g6+ hxg6+ 40. hxg6+
Kg7 41. Rh4 Ra4 42. Rh7+ Kg8 43. Bd7 1-0

[Event "XtraCon-Skakligaen"]
[Site "Denmark"]
[Date "2010.11.07"]
[Round "2.8"]
[White "Nordenbaek, Jan"]
[Black "Rostgaard, Tobias Valentin"]
[Result "1/2-1/2"]
[WhiteElo "2271"]
[BlackElo "2126"]
[PlyCount "102"]
[EventDate "2010.11.06"]
[EventType "team-tourn"]
[EventRounds "9"]
[WhiteTeam "Sydostfyn"]
[BlackTeam "BMS"]
[WhiteTeamCountry "DEN"]
[BlackTeamCountry "DEN"]

1. Nf3 Nf6 2. c4 e6 3. d4 d5 4. Nc3 Be7 5. Bg5 O-O 6. e3 c6 7. Rc1 Nbd7 8. Qc2
b6 9. cxd5 exd5 10. Bd3 Bb7 11. O-O h6 12. Bh4 Re8 13. Rfd1 Ne4 14. Bg3 Nxg3
15. hxg3 Bd6 16. e4 dxe4 17. Nxe4 Nf6 18. Nh4 Nd5 19. a3 Qd7 20. Qd2 Bf8 21.
Nf3 g6 22. Ne5 Qe6 23. Re1 Bg7 24. Nc4 Qd7 25. Bb1 Re6 26. Ne5 Qe7 27. Nf3 Rd8
28. Qc2 Nc7 29. Ba2 Nd5 30. Nc3 Kh7 31. Nxd5 cxd5 32. Rxe6 Qxe6 33. Qa4 a6 34.
Rc7 b5 35. Qc2 Rd7 36. Qc5 Rxc7 37. Qxc7 Bc6 38. Ne5 Bxe5 39. dxe5 Kg7 40. f4
Kf8 41. Kf2 Kg7 42. b4 g5 43. Bb1 gxf4 44. gxf4 Qg4 45. g3 Qh3 46. Qxc6 Qh2+
47. Kf3 Qh1+ 48. Kf2 Qh2+ 49. Kf3 Qh1+ 50. Kf2 Qh2+ 51. Kf3 Qh1+ 1/2-1/2

[Event "XtraCon-Skakligaen"]
[Site "Denmark"]
[Date "2010.11.07"]
[Round "2.1"]
[White "Hoi, Carsten"]
[Black "Hector, Jonny"]
[Result "0-1"]
[WhiteElo "2413"]
[BlackElo "2576"]
[PlyCount "78"]
[EventDate "2010.11.06"]
[EventType "team-tourn"]
[EventRounds "9"]
[WhiteTeam "Bronshoj"]
[BlackTeam "Nordkalotten"]
[WhiteTeamCountry "DEN"]
[BlackTeamCountry "DEN"]

1. c4 e5 2. e3 Nf6 3. Nc3 c6 4. Nf3 Qe7 5. b3 g6 6. d4 e4 7. Nd2 d5 8. a4 Bg4
9. Be2 h5 10. O-O Qe6 11. cxd5 cxd5 12. Nb5 Qd7 13. f3 exf3 14. Nxf3 Bxf3 15.
Rxf3 Ne4 16. Bd3 f5 17. Bxe4 dxe4 18. Rf1 a6 19. Na3 Qd5 20. Nc4 Nd7 21. Bd2
Bh6 22. Bb4 Kf7 23. a5 Rac8 24. Qe1 Rc6 25. Rd1 Kg7 26. Kh1 Re8 27. Qg3 Kh7 28.
h3 g5 29. Qe1 f4 30. Qe2 Rg6 31. Qxh5 Nf6 32. Qe2 g4 33. Ne5 f3 34. Qc4 Bxe3
35. Nxg6 Kxg6 36. Be1 Bf4 37. Qxd5 Nxd5 38. hxg4 Ne3 39. g3 Bd6 0-1

[Event "XtraCon-Skakligaen"]
[Site "Denmark"]
[Date "2010.11.07"]
[Round "2.2"]
[White "Brynell, Stellan"]
[Black "Pilgaard, Kim"]
[Result "1/2-1/2"]
[WhiteElo "2492"]
[BlackElo "2431"]
[PlyCount "85"]
[EventDate "2010.11.06"]
[EventType "team-tourn"]
[EventRounds "9"]
[WhiteTeam "Nordkalotten"]
[BlackTeam "Bronshoj"]
[WhiteTeamCountry "DEN"]
[BlackTeamCountry "DEN"]

1. d4 d5 2. c4 e6 3. Nc3 Be7 4. Nf3 Nf6 5. Bg5 h6 6. Bh4 O-O 7. e3 b6 8. Bd3
Bb7 9. O-O Nbd7 10. Qe2 c5 11. Bg3 Ne4 12. cxd5 exd5 13. Rad1 Ndf6 14. dxc5
Nxg3 15. hxg3 bxc5 16. e4 d4 17. Nb1 Bd6 18. Nbd2 Re8 19. Nh4 Bf8 20. Rfe1 Rc8
21. Rc1 c4 22. Rxc4 Rxc4 23. Bxc4 Bxe4 24. Nxe4 Nxe4 25. Nf3 Nd6 26. Qc2 Rxe1+
27. Nxe1 Nxc4 28. Qxc4 g6 29. Nd3 Bg7 30. Kf1 Qd7 31. b4 Qg4 32. Qc2 h5 33. a4
h4 34. gxh4 Qxh4 35. Kg1 Qe4 36. b5 Qd5 37. Kf1 Bf8 38. Kg1 Bd6 39. g3 Kf8 40.
Qc8+ Kg7 41. Qc2 Kf8 42. Qc8+ Kg7 43. Qc2 1/2-1/2

[Event "XtraCon-Skakligaen"]
[Site "Denmark"]
[Date "2010.11.07"]
[Round "2.3"]
[White "Bromann, Thorbjorn"]
[Black "Pedersen, Daniel V"]
[Result "1/2-1/2"]
[WhiteElo "2433"]
[BlackElo "2296"]
[PlyCount "138"]
[EventDate "2010.11.06"]
[EventType "team-tourn"]
[EventRounds "9"]
[WhiteTeam "Bronshoj"]
[BlackTeam "Nordkalotten"]
[WhiteTeamCountry "DEN"]
[BlackTeamCountry "DEN"]

1. e4 e5 2. Nf3 Nc6 3. Bc4 Nf6 4. Ng5 d5 5. exd5 Nd4 6. c3 b5 7. Bf1 Nxd5 8.
cxd4 Qxg5 9. Bxb5+ Kd8 10. Qf3 Bb7 11. O-O Rb8 12. dxe5 Ne3 13. Qh3 Qxg2+ 14.
Qxg2 Nxg2 15. d4 Nh4 16. Bg5+ Be7 17. Bxh4 Bxh4 18. Nc3 Bf3 19. Rab1 Rb6 20.
Bd3 Ke7 21. Rfe1 Bg5 22. Be4 Bxe4 23. Rxe4 Ke6 24. f4 Be7 25. f5+ Kxf5 26. Rf1+
Ke6 27. d5+ Kd7 28. Rxf7 Rg6+ 29. Kf1 Rf8 30. Rxf8 Bxf8 31. Rh4 h6 32. Rc4 Rb6
33. b3 c6 34. Na4 Rb5 35. Rf4 Be7 36. d6 Bg5 37. Rf7+ Ke6 38. Rxa7 Rxe5 39. d7
c5 40. Nb6 Bd8 41. Nc4 Rh5 42. Kg2 Rg5+ 43. Kf3 Rh5 44. Kg3 Rg5+ 45. Kf4 Rh5
46. a4 Rxh2 47. a5 g5+ 48. Kg3 Ra2 49. Kg4 Rg2+ 50. Kf3 Ra2 51. Ra6+ Kxd7 52.
Rxh6 Bc7 53. a6 Ra1 54. Rg6 g4+ 55. Ke4 g3 56. Kd5 Ke7 57. Kxc5 Kf7 58. Rg4
Rxa6 59. Kd4 Rg6 60. Rxg6 Kxg6 61. Ke3 Kf5 62. Kf3 Ke6 63. Ne3 Bd6 64. Nc4 Bc7
65. Nd2 Kd5 66. Nf1 Kd4 67. Nxg3 Bxg3 68. Kxg3 Kc3 69. Kh2 Kxb3 1/2-1/2

[Event "XtraCon-Skakligaen"]
[Site "Denmark"]
[Date "2010.11.07"]
[Round "2.4"]
[White "Nielsen, Lars Aaes"]
[Black "Aabling Thomsen, Jakob"]
[Result "1-0"]
[WhiteElo "2276"]
[BlackElo "2330"]
[PlyCount "69"]
[EventDate "2010.11.06"]
[EventType "team-tourn"]
[EventRounds "9"]
[WhiteTeam "Nordkalotten"]
[BlackTeam "Bronshoj"]
[WhiteTeamCountry "DEN"]
[BlackTeamCountry "DEN"]

1. e4 d6 2. d4 Nf6 3. Nc3 g6 4. Be3 Bg7 5. Be2 Nc6 6. f4 O-O 7. e5 dxe5 8. dxe5
Qxd1+ 9. Rxd1 Ng4 10. Bc5 b6 11. Bf3 bxc5 12. Bxc6 Rb8 13. Nd5 Be6 14. b3 Bxd5
15. Rxd5 c4 16. Ke2 f6 17. Bd7 Nh6 18. e6 cxb3 19. axb3 Rb4 20. g3 Nf5 21. Nf3
Re4+ 22. Kd2 Nd6 23. Ra1 Nc8 24. c3 Rd8 25. Nd4 Nb6 26. Rc5 f5 27. Nc6 Rxd7+
28. exd7 Nxd7 29. Rd5 Nb6 30. Rd8+ Kf7 31. Rxa7 Re6 32. Rxc7 Kf6 33. Nd4 Rd6
34. Rxd6+ exd6 35. Rc6 1-0

[Event "XtraCon-Skakligaen"]
[Site "Denmark"]
[Date "2010.11.07"]
[Round "2.5"]
[White "Carstensen, Jacob"]
[Black "Hove, Esben Kjems"]
[Result "0-1"]
[WhiteElo "2332"]
[BlackElo "2258"]
[PlyCount "106"]
[EventDate "2010.11.06"]
[EventType "team-tourn"]
[EventRounds "9"]
[WhiteTeam "Bronshoj"]
[BlackTeam "Nordkalotten"]
[WhiteTeamCountry "DEN"]
[BlackTeamCountry "DEN"]

1. d4 d5 2. c4 c6 3. Nf3 Nf6 4. Nc3 dxc4 5. a4 Bf5 6. Ne5 Nbd7 7. Nxc4 e6 8. f3
Bb4 9. Bf4 Nb6 10. e4 Bg6 11. Ne5 a5 12. Be2 Nfd7 13. Nd3 Be7 14. Qb3 O-O 15.
Be3 Rb8 16. O-O Nc8 17. f4 Nd6 18. Bf3 b5 19. Ne5 Nxe5 20. dxe5 Nc4 21. Rfd1
Qc7 22. Bf2 Bb4 23. Qc2 f5 24. exf6 Rxf6 25. Ne2 Rf7 26. Nd4 Qxf4 27. Nxc6 Rbf8
28. Qe2 Nd2 29. Rxd2 Qxd2 30. Qxd2 Bxd2 31. Bc5 bxa4 32. Bxf8 Kxf8 33. Rxa4 Rb7
34. Kf1 Be8 35. e5 Rxb2 36. Rd4 Bxc6 37. Bxc6 Bc3 38. Rd8+ Ke7 39. Rd7+ Kf8 40.
Rd8+ Kf7 41. Rd7+ Kg6 42. Be4+ Kh6 43. Rd6 Bxe5 44. Rxe6+ Bf6 45. Ra6 Ra2 46.
Bc6 Kg5 47. Bd7 h5 48. g3 h4 49. gxh4+ Kxh4 50. Ra8 Kg5 51. h3 Kf4 52. Bc6 Kg3
53. Bd7 Rf2+ 0-1

[Event "XtraCon-Skakligaen"]
[Site "Denmark"]
[Date "2010.11.07"]
[Round "2.6"]
[White "Kristensen, Kaare Hove"]
[Black "Palm, Nikolaj"]
[Result "1-0"]
[WhiteElo "2260"]
[BlackElo "2275"]
[PlyCount "71"]
[EventDate "2010.11.06"]
[EventType "team-tourn"]
[EventRounds "9"]
[WhiteTeam "Nordkalotten"]
[BlackTeam "Bronshoj"]
[WhiteTeamCountry "DEN"]
[BlackTeamCountry "DEN"]

1. e4 e5 2. Nf3 Nc6 3. d4 exd4 4. Nxd4 Nf6 5. Nxc6 bxc6 6. e5 Qe7 7. Qe2 Nd5 8.
c4 Ba6 9. g3 g6 10. b3 Bg7 11. Bb2 O-O 12. Bg2 Rfe8 13. O-O Bxe5 14. Qxe5 Qxe5
15. Bxe5 Rxe5 16. cxd5 Bxf1 17. Kxf1 cxd5 18. f4 Re3 19. Bxd5 Rae8 20. Nd2 Kg7
21. Bc4 h6 22. Kf2 Kf6 23. Rc1 R8e7 24. Nf3 R3e4 25. Bd3 Rb4 26. Rxc7 d6 27.
Rxe7 Kxe7 28. Bc4 Kf6 29. Ke3 g5 30. Nd4 Rb7 31. Nc6 Rc7 32. Bd5 a6 33. b4 Rb7
34. a4 Rb6 35. a5 Rb7 36. Ke4 1-0

[Event "XtraCon-Skakligaen"]
[Site "Denmark"]
[Date "2010.11.07"]
[Round "2.7"]
[White "Ligaard, Morten Lund"]
[Black "Jakobsen, Peter"]
[Result "1/2-1/2"]
[WhiteElo "2235"]
[BlackElo "2230"]
[PlyCount "70"]
[EventDate "2010.11.06"]
[EventType "team-tourn"]
[EventRounds "9"]
[WhiteTeam "Bronshoj"]
[BlackTeam "Nordkalotten"]
[WhiteTeamCountry "DEN"]
[BlackTeamCountry "DEN"]

1. Nf3 d5 2. d4 Nf6 3. c4 e6 4. Nc3 Be7 5. cxd5 exd5 6. Bg5 c6 7. Qc2 g6 8. e3
Bf5 9. Bd3 Bxd3 10. Qxd3 Nbd7 11. O-O O-O 12. a3 a5 13. Qc2 Re8 14. Rab1 Ne4
15. Bxe7 Qxe7 16. Nxe4 dxe4 17. Nd2 c5 18. Nb3 cxd4 19. Nxd4 Nc5 20. b4 axb4
21. axb4 Nd3 22. Qb3 Ra6 23. Ne2 Rea8 24. Nf4 Nxf4 25. exf4 Ra3 26. Qd5 e3 27.
fxe3 Rxe3 28. f5 Re5 29. Qd3 Rd8 30. Qc3 gxf5 31. h3 Qd6 32. Rbe1 Rxe1 33. Qxe1
f4 34. Qh4 Re8 35. Qxf4 Qxf4 1/2-1/2

[Event "XtraCon-Skakligaen"]
[Site "Denmark"]
[Date "2010.11.07"]
[Round "2.8"]
[White "Ejsing, Esben"]
[Black "Pedersen, Peter Brondt"]
[Result "1/2-1/2"]
[WhiteElo "2118"]
[BlackElo "2147"]
[PlyCount "54"]
[EventDate "2010.11.06"]
[EventType "team-tourn"]
[EventRounds "9"]
[WhiteTeam "Nordkalotten"]
[BlackTeam "Bronshoj"]
[WhiteTeamCountry "DEN"]
[BlackTeamCountry "DEN"]

1. e4 g6 2. d4 Bg7 3. Nc3 d6 4. Be3 a6 5. Qd2 Nd7 6. O-O-O b5 7. f3 Bb7 8. h4
h6 9. Nh3 e6 10. Nf2 Ne7 11. Kb1 Nf6 12. g4 d5 13. Bg2 h5 14. Bg5 hxg4 15. fxg4
Qd7 16. h5 b4 17. Ne2 Nxe4 18. Nxe4 dxe4 19. Qxb4 Bc6 20. c4 f6 21. Be3 gxh5
22. gxh5 Nf5 23. Bf4 Bf8 24. Qa5 Bd6 25. d5 exd5 26. cxd5 Bb5 27. Nc3 Bxf4
1/2-1/2

[Event "XtraCon-Skakligaen"]
[Site "Denmark"]
[Date "2010.11.07"]
[Round "2.1"]
[White "Teplyi, Igor"]
[Black "Rasmussen, Allan Stig"]
[Result "1/2-1/2"]
[WhiteElo "2394"]
[BlackElo "2538"]
[PlyCount "81"]
[EventDate "2010.11.06"]
[EventType "team-tourn"]
[EventRounds "9"]
[WhiteTeam "Nordre"]
[BlackTeam "Jetsmark"]
[WhiteTeamCountry "DEN"]
[BlackTeamCountry "DEN"]

1. d4 d5 2. c4 dxc4 3. Nf3 Nf6 4. e3 e6 5. Bxc4 c5 6. O-O a6 7. Bd3 Nc6 8. Nc3
cxd4 9. exd4 Be7 10. Bg5 Nb4 11. Bxf6 gxf6 12. Bc4 b5 13. Bb3 Bb7 14. d5 Nxd5
15. Nxd5 Bxd5 16. Bxd5 Qxd5 17. Qxd5 exd5 18. Rfe1 Rc8 19. Rad1 Rc7 20. Rxd5
O-O 21. g3 Rfc8 22. Kg2 Bb4 23. Re4 Rc4 24. Red4 Kf8 25. b3 Rxd4 26. Rxd4 Ba3
27. Rd2 Bb4 28. Re2 Rc5 29. Nd4 Bc3 30. Nc2 a5 31. Ne3 Bd4 32. Nc2 Bc3 33. h3
h5 34. h4 Kg7 35. Kf3 Be5 36. Ne1 Kg6 37. Rc2 Rd5 38. Ng2 Rd1 39. Ne3 Ra1 40.
Ke4 a4 41. bxa4 1/2-1/2

[Event "XtraCon-Skakligaen"]
[Site "Denmark"]
[Date "2010.11.07"]
[Round "2.4"]
[White "Christensen, Stefan"]
[Black "Nielsen, Poul Erik"]
[Result "1/2-1/2"]
[WhiteElo "2262"]
[BlackElo "2243"]
[PlyCount "50"]
[EventDate "2010.11.06"]
[EventType "team-tourn"]
[EventRounds "9"]
[WhiteTeam "Jetsmark"]
[BlackTeam "Nordre"]
[WhiteTeamCountry "DEN"]
[BlackTeamCountry "DEN"]

1. e4 e5 2. Nf3 Nc6 3. Bb5 Nge7 4. O-O g6 5. c3 Bg7 6. d4 a6 7. Bxc6 Nxc6 8. d5
Ne7 9. d6 cxd6 10. Qxd6 Nc6 11. Na3 Qe7 12. Nc4 b5 13. Qxe7+ Kxe7 14. Nb6 Rb8
15. Nd5+ Ke8 16. b3 f6 17. Ba3 Kf7 18. Ne1 Bf8 19. Bxf8 Rxf8 20. f4 Kg7 21.
fxe5 Nxe5 22. Nf3 Bb7 23. Nxe5 fxe5 24. Rxf8 Rxf8 25. Rd1 Rf7 1/2-1/2

[Event "XtraCon-Skakligaen"]
[Site "Denmark"]
[Date "2010.11.07"]
[Round "2.5"]
[White "Christensen, Jan Schleicher"]
[Black "Wiwe, Andreas"]
[Result "1/2-1/2"]
[WhiteElo "2229"]
[BlackElo "2255"]
[PlyCount "35"]
[EventDate "2010.11.06"]
[EventType "team-tourn"]
[EventRounds "9"]
[WhiteTeam "Nordre"]
[BlackTeam "Jetsmark"]
[WhiteTeamCountry "DEN"]
[BlackTeamCountry "DEN"]

1. d4 d5 2. c4 dxc4 3. Nf3 Nf6 4. e3 e6 5. Bxc4 c5 6. O-O a6 7. Bb3 cxd4 8.
exd4 Nc6 9. Nc3 Be7 10. Bg5 O-O 11. Qd2 b5 12. Rfe1 Na5 13. Bc2 Bb7 14. Ne5 Rc8
15. Rad1 b4 16. Qd3 g6 17. Na4 Qd5 18. Nf3 1/2-1/2

[Event "XtraCon-Skakligaen"]
[Site "Denmark"]
[Date "2010.11.07"]
[Round "2.7"]
[White "Holst, Per"]
[Black "Jensen, Bjarke"]
[Result "0-1"]
[WhiteElo "2129"]
[BlackElo "2258"]
[PlyCount "64"]
[EventDate "2010.11.06"]
[EventType "team-tourn"]
[EventRounds "9"]
[WhiteTeam "Nordre"]
[BlackTeam "Jetsmark"]
[WhiteTeamCountry "DEN"]
[BlackTeamCountry "DEN"]

1. d4 g6 2. c4 Bg7 3. e4 d6 4. Nc3 Nf6 5. f3 O-O 6. Be3 Nc6 7. Nge2 a6 8. a3
Bd7 9. b4 b5 10. cxb5 axb5 11. d5 Ne5 12. Nd4 e6 13. dxe6 fxe6 14. Qb3 d5 15.
exd5 exd5 16. Nxd5 Nxd5 17. Qxd5+ Kh8 18. Be2 Qe7 19. O-O c6 20. Qc5 Qxc5 21.
bxc5 Ra4 22. Rfd1 Rfa8 23. Kf2 b4 24. h3 bxa3 25. Ra2 Be8 26. f4 Bf7 27. Rxa3
Rxa3 28. fxe5 Bxe5 29. Nxc6 Bf6 30. Nd4 Bh4+ 31. Kf3 Bd5+ 32. Kf4 Re8 0-1

[Event "XtraCon-Skakligaen"]
[Site "Denmark"]
[Date "2010.11.07"]
[Round "2.8"]
[White "Rathlev, Jakob"]
[Black "Pedersen, Karl"]
[Result "1/2-1/2"]
[WhiteElo "2258"]
[BlackElo "2254"]
[PlyCount "101"]
[EventDate "2010.11.06"]
[EventType "team-tourn"]
[EventRounds "9"]
[WhiteTeam "Jetsmark"]
[BlackTeam "Nordre"]
[WhiteTeamCountry "DEN"]
[BlackTeamCountry "DEN"]

1. c4 Nf6 2. g3 g6 3. Bg2 Bg7 4. Nc3 e5 5. e4 O-O 6. Nge2 Nc6 7. O-O d6 8. d3
Nd4 9. Nxd4 exd4 10. Ne2 c5 11. b4 cxb4 12. Bb2 Bg4 13. Bxd4 Re8 14. Re1 b5 15.
cxb5 Bd7 16. a4 bxa3 17. Nc3 Rb8 18. Rxa3 Bxb5 19. Nxb5 Rxb5 20. Rxa7 Qb8 21.
Qa1 Rb4 22. Qa2 Rf8 23. Bc3 Rb3 24. Ra8 Qb5 25. Ra5 Qb8 26. Qa1 Ne8 27. d4 Nc7
28. Bf1 Ne6 29. Bc4 Rxc3 30. Qxc3 Nxd4 31. Qd3 Qb4 32. Raa1 Rc8 33. Rac1 Rxc4
34. Qxc4 Nf3+ 35. Kh1 Qxc4 36. Rxc4 Nxe1 37. Rc8+ Bf8 38. Kg1 Nd3 39. Kf1 Nc5
40. f3 Kg7 41. Ke2 Be7 42. Ke3 Kf6 43. f4 Ke6 44. Rb8 Nd7 45. Rb7 f5 46. exf5+
gxf5 47. h3 Nf6 48. Kf3 h5 49. Rb8 d5 50. Rb6+ Bd6 51. Ra6 1/2-1/2

[Event "XtraCon-Skakligaen"]
[Site "Denmark"]
[Date "2010.11.07"]
[Round "2.1"]
[White "Rasmussen, Karsten"]
[Black "Andreasen, Per Naesby"]
[Result "1-0"]
[WhiteElo "2451"]
[BlackElo "2239"]
[PlyCount "51"]
[EventDate "2010.11.06"]
[EventType "team-tourn"]
[EventRounds "9"]
[WhiteTeam "Aarhus/Skolerne"]
[BlackTeam "Norresundby"]
[WhiteTeamCountry "DEN"]
[BlackTeamCountry "DEN"]

1. d4 g6 2. c4 Bg7 3. Nc3 d6 4. g3 e5 5. Nf3 Nc6 6. dxe5 Nxe5 7. Nxe5 Bxe5 8.
Bg2 Ne7 9. O-O O-O 10. Bg5 Bg7 11. c5 h6 12. Bf4 dxc5 13. Qxd8 Rxd8 14. Rad1
Be6 15. Bxb7 Rxd1 16. Bxa8 Rxf1+ 17. Kxf1 Bxc3 18. bxc3 g5 19. Bxc7 Bxa2 20. e4
Nc8 21. Ke2 f6 22. Kd3 Nb6 23. Bc6 Kf7 24. Bd6 Bb1+ 25. Ke2 c4 26. Ke3 1-0

[Event "XtraCon-Skakligaen"]
[Site "Denmark"]
[Date "2010.11.07"]
[Round "2.3"]
[White "Sorensen, Jan"]
[Black "Kolbak, Jens"]
[Result "1-0"]
[WhiteElo "2411"]
[BlackElo "2295"]
[PlyCount "53"]
[EventDate "2010.11.06"]
[EventType "team-tourn"]
[EventRounds "9"]
[WhiteTeam "Aarhus/Skolerne"]
[BlackTeam "Norresundby"]
[WhiteTeamCountry "DEN"]
[BlackTeamCountry "DEN"]

1. e4 c6 2. d4 d5 3. e5 Bf5 4. Nd2 e6 5. Nb3 Nd7 6. Nf3 a6 7. Be3 Ne7 8. Be2
Nc8 9. a4 Be7 10. O-O O-O 11. Nfd2 f6 12. exf6 Bxf6 13. c4 Nd6 14. g4 Bg6 15.
c5 Ne4 16. Nxe4 Bxe4 17. Nd2 e5 18. Nxe4 dxe4 19. d5 Kh8 20. dxc6 bxc6 21. Qd6
Be7 22. Qxc6 Rc8 23. Qxe4 Nxc5 24. Qxe5 Bf6 25. Qh5 Qe7 26. g5 Bxb2 27. g6 1-0

[Event "XtraCon-Skakligaen"]
[Site "Denmark"]
[Date "2010.11.07"]
[Round "2.4"]
[White "Jorgensen, Jorgen"]
[Black "Christensen, Tobias"]
[Result "0-1"]
[WhiteElo "2276"]
[BlackElo "2366"]
[PlyCount "60"]
[EventDate "2010.11.06"]
[EventType "team-tourn"]
[EventRounds "9"]
[WhiteTeam "Norresundby"]
[BlackTeam "Aarhus/Skolerne"]
[WhiteTeamCountry "DEN"]
[BlackTeamCountry "DEN"]

1. Nf3 d5 2. d4 Nf6 3. c4 c6 4. cxd5 cxd5 5. Nc3 a6 6. Bf4 e6 7. e3 Bd6 8. Bxd6
Qxd6 9. Bd3 Nc6 10. Rc1 O-O 11. O-O e5 12. dxe5 Nxe5 13. Be2 Be6 14. Qd4 Nc6
15. Qh4 Rac8 16. Rfd1 Ne7 17. Qd4 Nf5 18. Qd2 Qb6 19. Bd3 Nd6 20. Na4 Qa7 21.
Qb4 Nc4 22. Nd4 b5 23. Nxe6 fxe6 24. Nc3 Ng4 25. Bxc4 Rxc4 26. Qd6 Qf7 27. f3
Nxe3 28. Re1 Nxg2 29. Rxe6 Nf4 30. Re7 Nh3+ 0-1

[Event "XtraCon-Skakligaen"]
[Site "Denmark"]
[Date "2010.11.07"]
[Round "2.5"]
[White "Boe, Mads"]
[Black "Willumsen, Henrik"]
[Result "1-0"]
[WhiteElo "2343"]
[BlackElo "2173"]
[PlyCount "77"]
[EventDate "2010.11.06"]
[EventType "team-tourn"]
[EventRounds "9"]
[WhiteTeam "Aarhus/Skolerne"]
[BlackTeam "Norresundby"]
[WhiteTeamCountry "DEN"]
[BlackTeamCountry "DEN"]

1. e4 e6 2. d4 d5 3. e5 c5 4. c3 Nc6 5. Be3 Nh6 6. Bd3 Qb6 7. Qd2 Bd7 8. Nf3
cxd4 9. cxd4 Rc8 10. Nc3 Na5 11. O-O Nc4 12. Bxc4 Rxc4 13. Bxh6 gxh6 14. Rfc1
Rg8 15. Ne2 h5 16. Ng3 h4 17. Nh5 Be7 18. h3 Rg6 19. b3 Rxc1+ 20. Rxc1 Bc6 21.
Rc2 Kd7 22. Qf4 Ke8 23. Nxh4 Bxh4 24. Qxh4 Qb4 25. Nf6+ Kf8 26. Qxh7 Qxd4 27.
Qh8+ Ke7 28. Qb8 Rxf6 29. exf6+ Kd7 30. Rc1 Qxf6 31. Qg3 Qb2 32. Qc3 Qxa2 33.
Qf6 Ke8 34. Rc3 Qb1+ 35. Kh2 a5 36. h4 b5 37. h5 b4 38. h6 bxc3 39. Qxc3 1-0